| 000 | 00648nam a22001817a 4500 | ||
|---|---|---|---|
| 008 | 230331b |||||||| |||| 00| 0 eng d | ||
| 020 | _a9780444873989 | ||
| 040 |
_aNational Science Library _cNational Science Library |
||
| 080 |
_aD 681.324(082.2) _bM9 |
||
| 245 |
_a Integrated network management, I _c/ Proceedings of the IFIP TC 6/WG 6.6 Symposium on Integrated Network Management, Boston, MA, U.S.A., 16-17 May, 1989 |
||
| 260 |
_aNorth-Holland _bNew York, _c1989 |
||
| 300 | _axvii, 666p. | ||
| 490 | _aIFIP | ||
| 650 | _aIntegrated network | ||
| 700 | _aWestcott, Jil (Ed.) | ||
| 700 | _aMeandzija, Branislav (Ed.) | ||
| 942 |
_2udc _cPR |
||
| 999 |
_c16982 _d16982 |
||